000
00222 a2200097 4500
001
46330
100
_a
Overton, B
245
_a
Macmillan's modern dictionary
260
_a
New York
_b
Macmillan Co
_c
090
_c
29448
_d
29448
942
_a
NUST-CAE
_c
M
_c
21611
999
_c
281403
_d
281403